Pokémon - Antagonistes - Hélio (US/UL) - Statistiques

Statistiques générales
  • Ce quiz a été pris 15 fois
  • Le résultat moyen est 40 sur 55
Statistiques - réponses
Hint Réponse % Correct
Type Acier
100%
Type Eau
100%
Type Poison
100%
Type Ténèbres
100%
Type Ténèbres
100%
Type Ténèbres
100%
Type Vol
100%
Type Vol
100%
Démolosse
90%
Dialga
90%
Type Dragon
90%
Type Dragon
90%
Type Feu
90%
Palkia
90%
Talent Pression
90%
Talent Pression
90%
Talent Pression
90%
Capacités Spatio-Rift
90%
Niv 65
80%
Niv 65
80%
Niv 65
80%
Niv 65
80%
Niv 67
80%
Niv 67
80%
Corboss
80%
Capacités Déflagration
80%
Dimoret
80%
Type Glace
80%
Capacités Hurle-Temps
80%
Capacités Lance-Flammes
80%
Nostenfer
80%
Capacités Telluriforce
80%
Capacités Telluriforce
80%
Capacités Ball'Ombre
70%
Capacités Luminocanon
70%
Capacités Tonnerre
70%
Capacités Tranche-Nuit
70%
Capacités Tranche-Nuit
70%
Capacités Bomb-Beurk
60%
Capacités Canicule
60%
Capacités Poison-Croix
60%
Capacités Surf
60%
Capacités Vibrobscur
60%
Talent Attention
50%
Talent Attention
50%
Objet Baie Sitrus
50%
Capacités Casse-Brique
50%
Capacités Poing-Glace
50%
Capacités Plaie-Croix
40%
Talent Insomnia
30%
Capacités Piqué
30%
Capacités Psykoud'Boul
30%
Capacités Vent Glace
20%
Capacités Vive-Attaque
20%
Capacités Croc Fatal
10%
Aucun quiz correspondant
Distribution des résultats
% des personnes avec chaque résultat
Percentile par nombre de réponses
Votre historique - résultats
Vous n’avez pas pris ce quiz